Question sport - Statistiques

Statistiques générales
  • Ce quiz a été pris 199 fois
  • Le résultat moyen est 10 sur 15
Statistiques - réponses
Question Réponse % Correct
Quelle équipe a inventé le aka Nouvelle-Zélande
95%
Dans quelle ville vont se passer les jeux olympiques 2024 Paris
91%
Quelle joueur de foot n’est pas norvégien Kulusevski
82%
Combien y-a-t-il de trou dans un parcours de golf 18
76%
Combien y-a-t-il de joueurs sur un terrain de basket ( 1 seule équipe ) 5
73%
Quelle équipe a gagner le plus de championnat du monde de handball France
71%
Quelle est la longueur d’une piscine olympique 50 mètres
70%
Quelle équipe a remporté le moins de champions league entre ces 4 là ? Chelsea
70%
Qui est le joueur de foot le plus titre de tout les temps Dani Alves
63%
Quel est le seul joueur dans une équipe de volley-ball qui ne peut attaquer Libero
62%
Quelle est l’autre nom de l’haltérophilie Le soulever de terre
54%
A quelle hauteur est le filet de volley chez les femmes 2metres 24
47%
Quelle équipe a gagner le championnat de basket en 2021/2022 Les Warriors
47%
Quelle pilote a remporté le championnat du monde de formule 1 en 2020/2021 Max verstappen
43%
Quelle équipe a pour logo un casque orange et noir Les browns
15%
Aucun quiz correspondant
Distribution des résultats
% des personnes avec chaque résultat
Percentile par nombre de réponses
Votre historique - résultats
Vous n’avez pas pris ce quiz